Co to za wyspy? - Statystyki

Ogólne statystyki
  • Ten quiz został rozwiązany 234 razy
  • Średni wynik to 8 z 12
Statystyki odpowiedzi
Opis Wyspa % Poprawnych
Jest to największa wyspa świata należąca do Danii. Grenlandia
89%
Jeden ze stanów USA leżący na Pacyfiku. Hawaje
84%
Jeden z australijskich stanów na którym żyją "diabły". Tasmania
83%
Największa wyspa grecka kojarzona z pewnym zwierzęciem. Kreta
77%
Znajdują się na niej charakterystyczne posągi głów. Wyspa Wielkanocna
75%
O tej wyspie opowiada film animowany o takiej samej nazwie. Madagaskar
73%
Żyją na niej warany. Jej nazwa kojarzy się z pewnym meblem. Komodo
66%
W jej nazwie zawarta jest nazwa święta obchodzonego w grudniu. Wyspa Bożego Narodzenia
66%
Jest to terytorium USA leżące na Karaibach. Portoryko
57%
Archipelag wysp na Oceanie Arktycznym. Należy do Norwegii. Svalbard
52%
Wyspa ta należy do dwóch państw. Leży na Melanezji. Nowa Gwinea
41%
Hiszpańska wyspa wypoczynkowa leżąca u brzegów Maroka. Teneryfa
40%
Nie znaleziono quizów pasujących do podanych kryteriów
Rozkład punktacji
Procent ludzi z każdym wynikiem
Percentyl według liczby udzielonych odpowiedzi
Twoja historia wyników
Nie rozwiązałeś tego quizu